书目信息 |
| 题名: |
文艺复兴艺术鉴赏
|
|
| 作者: | 孔蒂 著 ;李宗慧 译 | |
| 分册: | ||
| 出版信息: | 北京 北京大学出版社 1988 |
|
| 页数: | 64页 | |
| 开本: | 20cm | |
| 丛书名: | 世界艺术鉴赏译丛 | |
| 单 册: | ||
| 中图分类: | J110.93 | |
| 科图分类: | ||
| 主题词: | 艺术--世界 , 美术--世界 | |
| 电子资源: | ||
| ISBN: | 7-301-00017-0 | |
| 000 | 00758nam0 2200253 450 | |
| 001 | 0632292921 | |
| 005 | 20060412144634.25 | |
| 010 | @a7-301-00017-0@b精装@dCNY4.65 | |
| 100 | @a20060411d1988 km y0chiy0120 ea | |
| 101 | 0 | @achi@cita |
| 102 | @aCN@b110000 | |
| 105 | @aa z 000yy | |
| 200 | 1 | @a文艺复兴艺术鉴赏@Awen yi fu xing yi shu jian shang@f(意)弗拉维奥·孔蒂著@F(yi)fu la wei ao·kong di zhu@g李宗慧译 |
| 210 | @a北京@c北京大学出版社@d1988 | |
| 215 | @a64页@d20cm | |
| 225 | @a世界艺术鉴赏译丛 | |
| 410 | 0 | @12001 @a世界艺术鉴赏译丛 |
| 606 | 0 | @a艺术@x世界 |
| 606 | 0 | @a美术@x世界 |
| 690 | @aJ110.93@v4 | |
| 701 | 0 | @a孔蒂@Akong di@4著 |
| 702 | 0 | @a李宗慧@Ali zong hui@4译 |
| 801 | 0 | @aCN@bPFT@c20060412 |
| 905 | @a10447@dJ110.93@e15:4 | |
| 文艺复兴艺术鉴赏/(意)弗拉维奥·孔蒂著/李宗慧译.-北京:北京大学出版社,1988 |
| 64页;20cm.-(世界艺术鉴赏译丛) |
| ISBN 7-301-00017-0(精装):CNY4.65 |
| ● |
| 相关链接 |
|
|
|
|
正题名:文艺复兴艺术鉴赏
索取号:J110.93/15:4
 
预约/预借
| 序号 | 登录号 | 条形码 | 馆藏地/架位号 | 状态 | 备注 |
| 1 | 0212302 | 001239519 | 密集书库/ [索取号:J110.93/15:4] | 在馆 | |
| 2 | 0212303 | 001239500 | 密集书库/ [索取号:J110.93/15:4] | 在馆 | |
| 3 | 0248823 | 001239528 | 密集书库/ [索取号:J110.93/15:4] | 在馆 | |
| 4 | 0248824 | 001239494 | 密集书库/ [索取号:J110.93/15:4] | 在馆 | |
| 5 | 0248825 | 202118582 | 第一样本阅览室/ [索取号:J110.93/15:4] | 在馆 |